|
|
|
|
| LEADER |
00651cam a2200217 7i4500 |
| 001 |
0000036356 |
| 005 |
20200527090000.0 |
| 007 |
##ta |
| 008 |
200527s 2019 |
| 020 |
# |
# |
|a 9781912518302
|
| 040 |
# |
# |
|a MATR
|
| 090 |
0 |
0 |
|a SRLA 338.9591
|b REP
|
| 245 |
0 |
4 |
|a THE REPORT :
|b Sri Lanka 2019.
|
| 264 |
# |
1 |
|a London:
|b Oxford Business Group,
|c 2019.
|
| 300 |
# |
# |
|a 208 pages:
|b illustrations;
|c 30 cm.
|
| 336 |
# |
# |
|a text
|2 rdacontent
|
| 337 |
# |
# |
|a unmediated
|2 rdamedia
|
| 338 |
# |
# |
|a volume
|2 rdacarrier
|
| 651 |
# |
0 |
|a Sri Lanka --
|x Economic conditions
|
| 651 |
# |
0 |
|a Sri Lanka --
|x Politics and government
|
| 999 |
|
|
|a 0000041041
|b Book
|c Countries
|e Business Information Centre
|